Convención Colectiva de Trabajo

Este documento constituye la Convención Colectiva de Trabajo suscrita entre la Universidad de Costa Rica y el Sindicato de Empleados de la Universidad (SINDEU), en la que ambas partes se comprometen a unir sus esfuerzos y posibilidades para lograr la estabilidad de las condiciones económicas y socia...

ver descrição completa

Na minha lista:
Detalhes bibliográficos
Autor Corporativo: Universidad de Costa Rica
Formato: Texto
Publicado em: San José: UCR
Assuntos:
Tags: Adicionar Tag
Sem tags, seja o primeiro a adicionar uma tag!

MARC

LEADER 00000 a a2200000 04500
001 32768
003
040
090 |a 204300  
110 |a Universidad de Costa Rica  
245 |a Convención Colectiva de Trabajo  
260 |a San José:   |b UCR  
300 |a 56 p.  
520 |a Este documento constituye la Convención Colectiva de Trabajo suscrita entre la Universidad de Costa Rica y el Sindicato de Empleados de la Universidad (SINDEU), en la que ambas partes se comprometen a unir sus esfuerzos y posibilidades para lograr la estabilidad de las condiciones económicas y sociales de los empleados que laboran en esta universidad  
650 |a UNIVERSIDADES  
650 |a SECTOR PUBLICO  
650 |a TRABAJADORES  
650 |a SINDICATOS  
650 |a CONVENIOS COLECTIVOS  
650 |a COSTA RICA  
999 |c 13899  |d 13899